<?xml version="1.0" encoding="UTF-8"?>
<collection xmlns="http://www.loc.gov/MARC21/slim">
<record>
  <controlfield tag="001">152272</controlfield>
  <controlfield tag="005">20250401114420.0</controlfield>
  <datafield tag="037" ind1=" " ind2=" ">
    <subfield code="a">TAZ-TFM-2025-022</subfield>
  </datafield>
  <datafield tag="041" ind1=" " ind2=" ">
    <subfield code="a">eng</subfield>
  </datafield>
  <datafield tag="100" ind1="1" ind2=" ">
    <subfield code="a">Estevan Tomás, Emilio</subfield>
  </datafield>
  <datafield tag="242" ind1="0" ind2="0">
    <subfield code="a">Self-supervised learning for EEG-based automatic sleep staging</subfield>
  </datafield>
  <datafield tag="245" ind1="0" ind2="0">
    <subfield code="a">Self-supervised learning for EEG-based automatic sleep staging</subfield>
  </datafield>
  <datafield tag="260" ind1=" " ind2=" ">
    <subfield code="a">Zaragoza</subfield>
    <subfield code="b">Universidad de Zaragoza</subfield>
    <subfield code="c">2025</subfield>
  </datafield>
  <datafield tag="506" ind1=" " ind2=" ">
    <subfield code="a">by-nc-sa</subfield>
    <subfield code="b">Creative Commons</subfield>
    <subfield code="c">3.0</subfield>
    <subfield code="u">http://creativecommons.org/licenses/by-nc-sa/3.0/</subfield>
  </datafield>
  <datafield tag="520" ind1=" " ind2=" ">
    <subfield code="a">Sleep is crucial within the spectrum of human health. A significant number of people suffer from sleep-related disorders, representing a growing public health concern. Polysomnography (PSG) is the gold standard for sleep evaluation, which begins with the sleep staging procedure. PSG recordings are segmented into 30-second intervals and categorized into one of the well-defined sleep stages. However, it is a very expensive process performed manually by expert technicians, and is highly sleep-invasive on patients due to the large number of sensors placed on the body. Recent advancements in deep learning are revolutionizing automatic sleep staging, achieving, and even surpassing, expert-level accuracy, thereby overcoming some limitations of the manual scoring process. Given the drawbacks of traditional sleep monitoring and the potential of learning-based sleep staging approaches, Bitbrain Technologies has developed a fully textile-based, wearable, and user-friendly EEG garment to serve as a scalable solution for sleep analysis, also including a deep learning system with medical-grade precision trained on labeled datasets. Nevertheless, deep learning methods are notoriously data-hungry, necessitating from large volumes of labeled data for effective training. The process of signal annotation is as resource-intensive as the manual scoring procedure carried by technicians. Therefore, the mass adoption of home sleep monitoring enabled with this novel device generates a massive amount of EEG data that is impossible to label, resulting in enormous datasets that Bitbrain cannot leverage for supervised training of its models. As a consequence, the objective of this work is to develop and evaluate self-supervised learning (SSL) methods as a pre-training step within the learning pipeline to learn electroencephalogram representations from unlabeled data, reducing the costs of the manual annotation process. To achieve this, state-of-the-art deep learning and self-supervised methods for automatic sleep staging are reviewed, implemented, and evaluated across different scenarios, comprising two different datasets recorded using Bitbrain's device: the HOGAR study, an unlabeled dataset acquired under domestic conditions to quantify cognitive function in populations at risk of dementia, and the BOAS dataset, a labeled resource collected in a controlled laboratory environment with the aim of closing the gap between traditional clinical PSG technologies and portable EEG solutions. As a result, the transferability between both datasets was thoroughly assessed and successfully demonstrated, obtaining significant improvements by incorporating SSL techniques into the learning pipeline. This is further supported by a feature visualization analysis performed using t-SNE and UMAP tools. On the other side, a comprehensive understanding of the performance and limitations of SSL relative to the labeled data available was provided, exhibiting particularly pronounced accuracy gains in low-data regimes. Consequently, this work serves as a critical step forward in the design and validation of label-efficient, self-administered, and large-scale automatic sleep monitoring systems in home environments under uncontrolled conditions, advancing in a scalable solution for the substantial proportion of the word population suffering from serious sleep disorders that require medical attention.&lt;br /></subfield>
  </datafield>
  <datafield tag="521" ind1=" " ind2=" ">
    <subfield code="a">Máster Universitario en Robótica, Gráficos y Visión por Computador</subfield>
  </datafield>
  <datafield tag="540" ind1=" " ind2=" ">
    <subfield code="a">Derechos regulados por licencia Creative Commons</subfield>
  </datafield>
  <datafield tag="856" ind1="0" ind2=" ">
    <subfield code="f">798516@unizar.es</subfield>
  </datafield>
  <datafield tag="856" ind1="4" ind2=" ">
    <subfield code="s">6438912</subfield>
    <subfield code="u">http://zaguan.unizar.es/record/152272/files/TAZ-TFM-2025-022.pdf</subfield>
    <subfield code="y">Memoria (eng)</subfield>
  </datafield>
  <datafield tag="909" ind1="C" ind2="O">
    <subfield code="o">oai:zaguan.unizar.es:152272</subfield>
    <subfield code="p">driver</subfield>
    <subfield code="p">trabajos-fin-master</subfield>
  </datafield>
  <datafield tag="950" ind1=" " ind2=" ">
    <subfield code="a"></subfield>
  </datafield>
  <datafield tag="691" ind1=" " ind2=" ">
    <subfield code="a">0</subfield>
  </datafield>
  <datafield tag="692" ind1=" " ind2=" ">
    <subfield code="a"></subfield>
  </datafield>
  <datafield tag="700" ind1=" " ind2=" ">
    <subfield code="a">Montesano del Campo, Luis</subfield>
    <subfield code="e">dir.</subfield>
  </datafield>
  <datafield tag="710" ind1="2" ind2=" ">
    <subfield code="a">Universidad de Zaragoza</subfield>
    <subfield code="b">Informática e Ingeniería de Sistemas</subfield>
    <subfield code="c">Lenguajes y Sistemas Informáticos</subfield>
  </datafield>
  <datafield tag="980" ind1=" " ind2=" ">
    <subfield code="a">TAZ</subfield>
    <subfield code="b">TFM</subfield>
    <subfield code="c">EINA</subfield>
  </datafield>
  <datafield tag="999" ind1=" " ind2=" ">
    <subfield code="a">20250125142028.CREATION_DATE</subfield>
  </datafield>
  <datafield tag="951" ind1=" " ind2=" ">
    <subfield code="a">deposita:2025-04-01</subfield>
  </datafield>
</record>
</collection>